000 00596nam a2200241Ia 4500
003 OSt
005 20221005122228.0
006 a|||||r|||| 00| 0
007 ta
008 221004b |||||||| |||| 00| 0 tam d
024 _a48001
037 _cTextual
040 _aCRL
_cCRL
_btam
041 _2tam
_atam
082 _aO31,1:g, L1
100 _aThamizhavan Au.
_9631676
245 0 _aIrupathin kavi thai
260 _c1971
650 _a TAMIL POETRY
650 _aTAMIL LITERATURE
942 _hO31,1:g, L1
_cTEXL
_2cc
999 _c1043669
_d1043669